Geography Quiz

Random Geography or World Quiz

Gimme Five: Geography III Quiz Stats

 Plays Quiz Updated Dec 6, 2018

Support Sporcle.
Go Orange.
Score 0/45 Timer 06:00
12 Plays Today
% Correct
Brazil
94.8%
Madrid (1)
93.3%
Chile
92.7%
Mexico City
92%
United Kingdom (26)
89.8%
Barcelona (2)
88.3%
Colombia/Germany/Iraq/Japan (17)
87.8%
Paraguay
86%
Uruguay
85.6%
Bolivia
78.8%
Algeria
76.7%
Oregon
66%
Angola
63.8%
Sochi (2014)
63.4%
Kansas
62.1%
Vancouver (2010)
59.2%
Alaska
59.1%
Botswana
58.5%
Hawaii
57.8%
Nevada
57.8%
Singapore (2)
57.6%
Panama City
57%
Vatican City
56%
% Correct
United States of America
53.2%
Kuwait City
52.4%
Guatemala City
52.4%
Benin
51.2%
Salt Lake City (2002)
49.7%
Seville (4)
47.9%
Brunei (4)
47.9%
Israel (30)
47.6%
Bahrain (3)
43.7%
València (3)
41.2%
Dominica
40.2%
Torino (2006)
39.8%
Italy (18)
39.7%
Burkina Faso
39.3%
Maldives (1)
35.7%
Jamaica
34%
South Africa
31.7%
PyeongChang (2018)
30.6%
Palestine (5)
30.4%
Costa Rica
27.9%
Jordan (24)
13.7%
Zaragoza (5)
11.7%

You're not logged in!

Compare scores with friends on all Sporcle quizzes.
OR
Log In
Forgot?

From the Vault

Anything but Poland

by Flick

We don't know how to pronounce any of the food from Poland but we sure love eating it.
Remove Ads.
Support Sporcle.
Get the best of Sporcle when you Go Orange. This ad-free experience offers more features, more stats, and more fun while also helping to support Sporcle. Thank you for becoming a member.

Show Comments

Extras

Top Quizzes Today


Score Distribution

Your Account Isn't Verified!

In order to create a playlist on Sporcle, you need to verify the email address you used during registration. Go to your Sporcle Settings to finish the process.

Report this User

Report this user for behavior that violates our Community Guidelines.

Details: